Artificial intelligence
Պահպանված է:
| Հիմնական հեղինակ: | |
|---|---|
| Ձևաչափ: | Գիրք |
| Լեզու: | անգլերեն |
| Հրապարակվել է: |
Reading
Addison-Wesley
1992
|
| Խորագրեր: | |
| Ցուցիչներ: |
Ավելացրեք ցուցիչ
Չկան պիտակներ, Եղեք առաջինը, ով նշում է այս գրառումը!
|
MARC
| LEADER | 00000nam a2200000 a 4500 | ||
|---|---|---|---|
| 001 | UCY4500 | ||
| 003 | CL-VaPUC | ||
| 008 | 950315e19920000US |||||||||||||||||eng|d | ||
| 082 | 0 | 4 | |a 006.3 |b WIN |2 21 |
| 100 | 0 | |a Winston, Patrick Henry |e author |9 332978 | |
| 245 | 1 | 0 | |a Artificial intelligence |
| 300 | |a 737 p | ||
| 942 | |c BK | ||
| 945 | |d 19950315 00:00:00 |a mfernand | ||
| 260 | |a Reading |b Addison-Wesley |c 1992 | ||
| 650 | 7 | |a INTELIGENCIA ARTIFICIAL |2 CL-VaPUC |9 332979 | |
| 583 | |a last modification |c 19950315 00:00:00 |k Rodrigo Vera | ||
| 999 | |c 232343 |d 232341 | ||
| 952 | |0 0 |1 0 |4 0 |6 006_300000000000000_WIN_1992 |7 0 |8 A |9 236530 |a BIBING |b BIBING |d 2019-11-15 |i 3066320 |o 006.3 WIN 1992 |p 3066320 |r 2025-01-20 |w 2019-11-15 |y BK |k CCI | ||